[Event "ACT-ch"]
[Site "Tuggeranong"]
[Date "2013.02.23"]
[Round "7"]
[White "Setiabudi, Megan"]
[Black "Setiabudi, Allen"]
[Result "0-1"]
[WhiteElo "1826"]
[BlackElo "1946"]
[PlyCount "72"]
[EventDate "2013.02.15"]
[EventType "swiss"]
[EventRounds "9"]
[EventCountry "AUS"]
[SourceTitle "EXT 2015"]
[Source "ChessBase"]
[SourceDate "2014.11.20"]
[SourceVersion "1"]
[SourceVersionDate "2014.11.20"]
[SourceQuality "1"]

1. e4 d6 2. d4 Nf6 3. Nc3 e5 4. dxe5 dxe5 5. Qxd8+ Kxd8 6. Be3 Be6 7. 0-0-0+ Nbd7 8. Nf3 Kc8 9. Kb1 Bc5 10. Bxc5 Nxc5 11. Nd2 Ng4 12. Re1 Nxf2 13. Rg1 Ng4 14. h3 Nf6 15. Nf3 Ncd7 16. Nd1 c6 17. c4 Kc7 18. Ng5 a5 19. Nxe6+ fxe6 20. Kc2 Nc5 21. Nc3 Rad8 22. g4 Rd4 23. Rg3 Rhd8 24. Rge3 Rd2+ 25. Kc1 Rf2 26. Be2 Rf4 27. Bf1 Rd4 28. b3 Nfxe4 29. Ne2 Nd3+ 30. Rxd3 Rxf1 31. Rxf1 Rxd3 32. Rf7+ Rd7 33. Rf3 Kd6 34. Rd3+ Ke7 35. Re3 Nf2 36. Rxe5 Nd3+ 0-1

[Event "Australian Masters (Women)"]
[Site "Melbourne"]
[Date "2013.01.18"]
[Round "5"]
[White "Setiabudi, Megan"]
[Black "Chibnall, Alana"]
[Result "0-1"]
[WhiteElo "1809"]
[BlackElo "1873"]
[PlyCount "66"]
[EventDate "2013.01.14"]
[EventType "tourn"]
[EventRounds "7"]
[EventCountry "AUS"]
[SourceTitle "EXT 2016"]
[Source "ChessBase"]
[SourceDate "2015.10.08"]
[SourceVersion "1"]
[SourceVersionDate "2015.10.08"]
[SourceQuality "1"]

1. e4 e5 2. Nf3 Nc6 3. Bb5 f5 4. d3 d6 5. Nc3 Nf6 6. 0-0 Be7 7. Qe2 0-0 8. Bc4+ Kh8 9. Ng5 Nd4 10. Qd1 Qe8 11. Ne2 h6 12. Nxd4 hxg5 13. Nxf5 Bxf5 14. exf5 d5 15. Bb3 g4 16. Qe2 Qh5 17. d4 e4 18. Bf4 c6 19. c4 Qxf5 20. Be5 Rad8 21. cxd5 cxd5 22. Qb5 b6 23. Qa6 Bd6 24. Bxd6 Rxd6 25. Qxa7 Nh7 26. Bd1 Ng5 27. Qa3 Rh6 28. Bxg4 Qxg4 29. Qxf8+ Kh7 30. Kh1 Nf3 31. gxf3 exf3 32. Rg1 Rxh2+ 33. Kxh2 Qh4# 0-1

[Event "Australian Masters (Women)"]
[Site "Melbourne"]
[Date "2013.01.16"]
[Round "3"]
[White "Setiabudi, Megan"]
[Black "Jarek, Katherine"]
[Result "0-1"]
[WhiteElo "1809"]
[BlackElo "1940"]
[PlyCount "98"]
[EventDate "2013.01.14"]
[EventType "tourn"]
[EventRounds "7"]
[EventCountry "AUS"]
[SourceTitle "EXT 2016"]
[Source "ChessBase"]
[SourceDate "2015.10.08"]
[SourceVersion "1"]
[SourceVersionDate "2015.10.08"]
[SourceQuality "1"]

1. e4 e6 2. d4 d5 3. exd5 exd5 4. Bd3 Bd6 5. c3 Ne7 6. Ne2 Bf5 7. Bf4 c6 8. Qc2 Bxd3 9. Qxd3 0-0 10. 0-0 Ng6 11. Bxd6 Qxd6 12. Nd2 Nd7 13. Nf3 Nf6 14. Ng3 Nf4 15. Qc2 g6 16. Rfe1 Rae8 17. Ne5 Nd7 18. Nxd7 Qxd7 19. Qd2 Qg4 20. f3 Qg5 21. Kh1 h5 22. Nf1 h4 23. Rad1 Kg7 24. Ne3 Nh5 25. Qf2 f5 26. Nc2 Nf4 27. b3 Rxe1+ 28. Rxe1 Nd3 29. Qe3 Qxe3 30. Rxe3 Nc1 31. Nb4 a5 32. Nd3 Nxd3 33. Rxd3 Re8 34. Kg1 Re2 35. a3 Ra2 36. a4 Ra3 37. Re3 Kf7 38. f4 Rxb3 39. Rh3 Kf6 40. Rxh4 Rxc3 41. Rh7 b5 42. axb5 cxb5 43. Rb7 b4 44. Rb6+ Kf7 45. Rb5 b3 46. Kf1 a4 47. Rb7+ Ke6 48. Rb6+ Kd7 49. Ke1 a3 0-1

[Event "Australian op"]
[Site "Cammeray"]
[Date "2013.01.13"]
[Round "11"]
[White "Setiabudi, Megan"]
[Black "Yin, Wenlin"]
[Result "1/2-1/2"]
[WhiteElo "1809"]
[BlackElo "1926"]
[PlyCount "63"]
[EventDate "2013.01.02"]
[EventType "swiss"]
[EventRounds "11"]
[EventCountry "AUS"]
[SourceTitle "CBM 152 Extra"]
[Source "ChessBase"]
[SourceDate "2013.02.25"]
[SourceVersion "1"]
[SourceVersionDate "2013.02.25"]
[SourceQuality "1"]

1. e4 c5 2. Nc3 g6 3. f4 Bg7 4. Nf3 Nc6 5. Bb5 Nd4 6. Bd3 a6 7. a4 d6 8. Nxd4 cxd4 9. Ne2 Nf6 10. 0-0 Nd7 11. f5 Nc5 12. fxg6 hxg6 13. Nf4 e5 14. Nd5 Nxd3 15. cxd3 Be6 16. Qb3 Rb8 17. Qa2 Qh4 18. h3 0-0 19. Rf3 b5 20. b4 bxa4 21. Qxa4 Bxd5 22. exd5 Rb6 23. Ba3 Bh6 24. Qc2 Bf4 25. Raf1 Qg5 26. Qc7 Qd8 27. Qxd8 Rxd8 28. g3 Bxd2 29. Rxf7 Rdb8 30. Rd7 R8b7 31. Rxb7 Rxb7 32. Rf6 1/2-1/2

[Event "Australian op"]
[Site "Cammeray"]
[Date "2013.01.10"]
[Round "8"]
[White "Bennett, Hilton Petrie"]
[Black "Setiabudi, Megan"]
[Result "1-0"]
[WhiteElo "1966"]
[BlackElo "1809"]
[PlyCount "101"]
[EventDate "2013.01.02"]
[EventType "swiss"]
[EventRounds "11"]
[EventCountry "AUS"]
[SourceTitle "CBM 152 Extra"]
[Source "ChessBase"]
[SourceDate "2013.02.25"]
[SourceVersion "1"]
[SourceVersionDate "2013.02.25"]
[SourceQuality "1"]

1. e4 c5 2. Nc3 e6 3. f4 a6 4. d3 b5 5. g3 Bb7 6. Bg2 d6 7. Qe2 Nc6 8. Nh3 Nf6 9. 0-0 Be7 10. Nd1 0-0 11. c3 d5 12. e5 Nd7 13. Ndf2 Nb6 14. Bd2 c4 15. d4 b4 16. g4 bxc3 17. bxc3 Bc8 18. Nh1 Re8 19. f5 Rb8 20. Ng3 Na7 21. Nh5 exf5 22. gxf5 Bf8 23. Ng3 f6 24. e6 Bb7 25. Nf4 Bc6 26. Qh5 Rb7 27. Rfe1 Na4 28. Rab1 Rxb1 29. Qf7+ Kh8 30. Rxb1 Nb5 31. Nge2 Re7 32. Qh5 Rb7 33. Rf1 Be8 34. Qf3 Bc6 35. Qh3 Kg8 36. Bf3 Na3 37. Bh5 Be8 38. Bf3 Bc6 39. Ng6 Bd6 40. Ngf4 Bf8 41. Bh5 Be8 42. Bxe8 Qxe8 43. Nxd5 Rb2 44. Qe3 Bd6 45. e7 Kh8 46. Nef4 Rxa2 47. Ng6+ hxg6 48. Rf3 Nc5 49. dxc5 Bxc5 50. Qxc5 Rxd2 51. Nc7 1-0

[Event "World ol U16 11th"]
[Site "Istanbul"]
[Date "2012.08.29"]
[Round "1.3"]
[White "Artemiev, Vladislav"]
[Black "Setiabudi, Megan"]
[Result "1-0"]
[WhiteElo "2476"]
[BlackElo "1801"]
[PlyCount "59"]
[EventDate "2012.08.29"]
[EventType "team-swiss"]
[EventRounds "10"]
[EventCountry "TUR"]
[SourceTitle "CBM 150 Extra"]
[Source "ChessBase"]
[SourceDate "2012.10.19"]
[SourceVersion "1"]
[SourceVersionDate "2012.10.19"]
[SourceQuality "1"]
[WhiteTeam "Russia (U16)"]
[BlackTeam "Australia (U16) III"]
[WhiteTeamCountry "RUS"]
[BlackTeamCountry "AUS"]

1. e4 c5 2. Nf3 e6 3. d4 cxd4 4. Nxd4 a6 5. Bd3 Qc7 6. 0-0 Nf6 7. Qe2 d6 8. c4 Be7 9. Nc3 Nbd7 10. f4 b6 11. Bd2 Bb7 12. Rae1 0-0 13. Kh1 Rad8 14. Nf3 Ng4 15. b4 h6 16. Nd4 Ngf6 17. a3 Nb8 18. Nf3 Nfd7 19. Rc1 Nc6 20. Nd5 exd5 21. cxd5 b5 22. dxc6 Bxc6 23. Nd4 Nb8 24. Bc3 g6 25. Ba1 Qd7 26. Rf3 Rfe8 27. Nf5 Bf8 28. Qb2 f6 29. Qxf6 Qh7 30. Rg3 1-0

[Event "Queenstown op"]
[Site "Queenstown"]
[Date "2012.01.21"]
[Round "7"]
[White "Setiabudi, Megan"]
[Black "Tang, Jason"]
[Result "0-1"]
[WhiteElo "1755"]
[BlackElo "2030"]
[PlyCount "58"]
[EventDate "2012.01.15"]
[EventType "swiss"]
[EventRounds "9"]
[EventCountry "NZL"]
[SourceTitle "CBM 146 Extra"]
[Source "ChessBase"]
[SourceDate "2012.02.29"]
[SourceVersion "1"]
[SourceVersionDate "2012.02.29"]
[SourceQuality "1"]

1. e4 e6 2. d4 d5 3. Nd2 Nf6 4. e5 Nfd7 5. Bd3 c5 6. c3 Nc6 7. Ne2 cxd4 8. cxd4 f6 9. exf6 Nxf6 10. Nf3 Bd6 11. Bf4 Qa5+ 12. Bd2 Qc7 13. Qc1 0-0 14. Bf4 Bb4+ 15. Bd2 Qd6 16. a3 Ba5 17. Bxa5 Nxa5 18. Qc3 Nc6 19. 0-0 Bd7 20. Rac1 Rac8 21. Qd2 Nh5 22. Ng5 g6 23. Bb1 Nf4 24. Rfe1 Nxe2+ 25. Rxe2 Nxd4 26. Re3 Rxc1+ 27. Qxc1 Qf4 28. Qd2 e5 29. Nh3 Bxh3 0-1

[Event "AUS-ch Reserves"]
[Site "Geelong"]
[Date "2012.01.04"]
[Round "8"]
[White "Dale, Ari"]
[Black "Setiabudi, Megan"]
[Result "1-0"]
[WhiteElo "1977"]
[BlackElo "1704"]
[PlyCount "111"]
[EventDate "2011.12.27"]
[EventType "swiss"]
[EventRounds "11"]
[EventCountry "AUS"]
[SourceTitle "EXT 2023"]
[Source "ChessBase"]
[SourceDate "2022.10.05"]
[SourceVersion "1"]
[SourceVersionDate "2022.10.05"]
[SourceQuality "1"]

1. d4 d5 2. c4 c6 3. Nf3 Nf6 4. Nc3 dxc4 5. a4 Bf5 6. e3 e6 7. Bxc4 Bb4 8. 0-0 0-0 9. Qe2 Nbd7 10. Rd1 Nb6 11. Bd3 Bxd3 12. Qxd3 Qe7 13. e4 Rfd8 14. Bg5 h6 15. Bh4 g5 16. Nxg5 hxg5 17. Bxg5 Bxc3 18. bxc3 e5 19. Qg3 Nxe4 20. Bxe7+ Nxg3 21. hxg3 Re8 22. Bf6 exd4 23. Rxd4 Nd5 24. Rg4+ Kf8 25. Bd4 b6 26. c4 Nb4 27. Bf6 Re6 28. Rh4 Rxf6 29. Rh8+ Kg7 30. Rxa8 a6 31. Rb8 Nc2 32. Rc1 Nd4 33. Rb1 b5 34. cxb5 cxb5 35. axb5 axb5 36. Re8 Rb6 37. Re4 Nc6 38. f3 b4 39. Rb3 Rb5 40. g4 Rc5 41. Kh2 Rc2 42. Kg3 Rc1 43. Kf4 Rc2 44. g3 Rc5 45. Ke3 Kf8 46. f4 Rc2 47. Kd3 Rc5 48. g5 Kg7 49. Ke3 Rc2 50. Kf3 Rd2 51. Kg4 Rc2 52. Rb1 Rc3 53. f5 b3 54. f6+ Kg6 55. Rh1 b2 56. Rh6# 1-0

[Event "AUS-ch Reserves"]
[Site "Geelong"]
[Date "2011.12.31"]
[Round "5"]
[White "Setiabudi, Megan"]
[Black "Chmiel, Rad"]
[Result "1-0"]
[WhiteElo "1704"]
[BlackElo "1868"]
[PlyCount "105"]
[EventDate "2011.12.27"]
[EventType "swiss"]
[EventRounds "11"]
[EventCountry "AUS"]
[SourceTitle "EXT 2023"]
[Source "ChessBase"]
[SourceDate "2022.10.05"]
[SourceVersion "1"]
[SourceVersionDate "2022.10.05"]
[SourceQuality "1"]

1. e4 e5 2. Nf3 Nc6 3. Bb5 a6 4. Bxc6 dxc6 5. Nc3 Qf6 6. d4 exd4 7. Qxd4 Qxd4 8. Nxd4 c5 9. Nde2 Bd7 10. Be3 0-0-0 11. 0-0-0 b6 12. f4 Nf6 13. h3 Bc6 14. Rxd8+ Kxd8 15. Rd1+ Kc8 16. e5 Ne4 17. Nd5 Kb7 18. c4 g6 19. Kc2 f5 20. b3 Be8 21. Bc1 b5 22. Ne3 Be7 23. Bb2 Rf8 24. Rd3 c6 25. Nf1 g5 26. Rf3 Bh5 27. Re3 Bxe2 28. Rxe2 gxf4 29. Bc1 Bg5 30. Nh2 Kc7 31. Nf3 h6 32. h4 Be7 33. Bxf4 Kd7 34. Bxh6 Rg8 35. Bf4 Ke6 36. g3 Rg4 37. Rg2 Bf8 38. Nh2 Rg8 39. Kd3 Bg7 40. Nf3 Rd8+ 41. Kc2 Rb8 42. a3 bxc4 43. bxc4 a5 44. Re2 a4 45. Re3 Rh8 46. Ng5+ Nxg5 47. Bxg5 Bh6 48. Bf6 Bxe3 49. Bxh8 Bf2 50. h5 Bxg3 51. h6 Kf7 52. e6+ Kxe6 53. h7 1-0

[Event "Oceania zt (Women)"]
[Site "Rotorua"]
[Date "2011.01.30"]
[Round "10"]
[White "Setiabudi, Megan"]
[Black "Wijesuriya, G Vineetha"]
[Result "1-0"]
[WhiteElo "1627"]
[BlackElo "1892"]
[PlyCount "61"]
[EventDate "2011.01.25"]
[EventType "tourn"]
[EventRounds "11"]
[EventCountry "NZL"]
[SourceTitle "EXT 2012"]
[Source "ChessBase"]
[SourceDate "2011.11.24"]
[SourceVersion "1"]
[SourceVersionDate "2011.11.24"]
[SourceQuality "1"]

1. e4 g6 2. d4 d5 3. exd5 Qxd5 4. c3 Nf6 5. Qf3 Qa5 6. Nd2 c6 7. Nc4 Qd8 8. Ne5 Nbd7 9. Nxd7 Bxd7 10. h3 Bg7 11. Bd3 Be6 12. Qe2 Nd5 13. Nf3 0-0 14. 0-0 Nf6 15. Ng5 Bc8 16. Qc2 h6 17. Nf3 Nd5 18. Bd2 Qc7 19. Qc1 Kh7 20. Re1 a5 21. Qd1 Nf4 22. Bc2 Be6 23. Ne5 Bxe5 24. Rxe5 Nd5 25. Qh5 Rh8 26. Rxe6 Nf4 27. Bxf4 Qxf4 28. Rxg6 Qd2 29. Rxh6+ Kg7 30. Rh7+ Kf6 31. Qf5# 1-0

[Event "Oceania zt (Women)"]
[Site "Rotorua"]
[Date "2011.01.26"]
[Round "3"]
[White "Setiabudi, Megan"]
[Black "Tsoi, Nicole"]
[Result "0-1"]
[WhiteElo "1627"]
[BlackElo "1675"]
[PlyCount "124"]
[EventDate "2011.01.25"]
[EventType "tourn"]
[EventRounds "11"]
[EventCountry "NZL"]
[SourceTitle "EXT 2012"]
[Source "ChessBase"]
[SourceDate "2011.11.24"]
[SourceVersion "1"]
[SourceVersionDate "2011.11.24"]
[SourceQuality "1"]

1. e4 e6 2. d3 d5 3. Nd2 c5 4. g3 Nc6 5. Bg2 Nge7 6. f4 g6 7. Ngf3 Bg7 8. 0-0 b6 9. a3 0-0 10. Nh4 dxe4 11. Nxe4 Qd4+ 12. Kh1 Rd8 13. Rb1 c4 14. Nf2 cxd3 15. Nxd3 Ba6 16. Nf3 Qd6 17. Nfe1 Rac8 18. Rf2 Nd4 19. Nb4 Bb5 20. Nf3 a5 21. Na2 Nxc2 22. Rd2 Qc7 23. Nc3 Bxc3 24. bxc3 Rxd2 25. Qxd2 Ba4 26. Bb2 Qc5 27. Bf1 Nxa3 28. Bxa3 Qxa3 29. Rxb6 Qxc3 30. Qf2 Bc6 31. Be2 Nf5 32. Rb1 Nd4 33. Kg2 Be4 34. Rd1 Bxf3+ 35. Bxf3 Qxf3+ 36. Qxf3 Nxf3 37. Kxf3 Kg7 38. Ra1 Rc5 39. Ra3 Kf6 40. h3 h6 41. Kf2 g5 42. fxg5+ hxg5 43. Kf3 e5 44. Rb3 Rd5 45. Rb6+ Ke7 46. Ra6 f5 47. h4 e4+ 48. Ke3 Rd3+ 49. Kf2 gxh4 50. gxh4 f4 51. Rxa5 Ke6 52. h5 Rh3 53. Ra6+ Kf5 54. Ra8 Rxh5 55. Rf8+ Kg4 56. Rg8+ Rg5 57. Re8 e3+ 58. Ke2 Kg3 59. Kf1 Kf3 60. Re7 Ra5 61. Kg1 Ra1+ 62. Kh2 e2 0-1

[Event "AUS-ch Minor"]
[Site "Cammeray"]
[Date "2011.01.13"]
[Round "11"]
[White "Setiabudi, Megan"]
[Black "Simmonds, Rex"]
[Result "1-0"]
[WhiteElo "1397"]
[BlackElo "1485"]
[PlyCount "69"]
[EventDate "2011.01.02"]
[EventType "swiss"]
[EventRounds "11"]
[EventCountry "AUS"]
[SourceTitle "EXT 2012"]
[Source "ChessBase"]
[SourceDate "2011.11.24"]
[SourceVersion "1"]
[SourceVersionDate "2011.11.24"]
[SourceQuality "1"]

1. e4 e5 2. Nf3 Nc6 3. Bc4 Nf6 4. d3 Na5 5. Bb3 Nxb3 6. axb3 d6 7. h3 h6 8. Nc3 b6 9. Be3 Bb7 10. Qd2 Be7 11. Ne2 d5 12. exd5 Qxd5 13. Nc3 Qc6 14. Nxe5 Qxg2 15. 0-0-0 Qxh1 16. Rxh1 Bxh1 17. f3 Nd7 18. Qh2 Bd6 19. Qxh1 Nxe5 20. f4 Nxd3+ 21. cxd3 0-0 22. Ne4 Bb4 23. Qg1 f5 24. Bd4 Rf7 25. Nf6+ Kh8 26. Qg6 Rxf6 27. Bxf6 gxf6 28. Qxf6+ Kg8 29. Qg6+ Kh8 30. Qxh6+ Kg8 31. Qg6+ Kh8 32. Qf6+ Kg8 33. Qe6+ Kh8 34. Qe5+ Kg8 35. Qd5+ 1-0

[Event "AUS-ch Minor"]
[Site "Cammeray"]
[Date "2011.01.11"]
[Round "9"]
[White "Renzies, Elliott"]
[Black "Setiabudi, Megan"]
[Result "0-1"]
[WhiteElo "1298"]
[BlackElo "1397"]
[PlyCount "86"]
[EventDate "2011.01.02"]
[EventType "swiss"]
[EventRounds "11"]
[EventCountry "AUS"]
[SourceTitle "EXT 2012"]
[Source "ChessBase"]
[SourceDate "2011.11.24"]
[SourceVersion "1"]
[SourceVersionDate "2011.11.24"]
[SourceQuality "1"]

1. e4 c5 2. Nc3 e6 3. b3 a6 4. Bb2 b5 5. Nf3 Bb7 6. d3 d6 7. g3 Nf6 8. Bg2 Be7 9. 0-0 0-0 10. Ne1 d5 11. e5 Nfd7 12. f4 f6 13. Qg4 Qb6 14. Nf3 fxe5 15. fxe5 Rf5 16. Ne2 d4 17. Nf4 Bxf3 18. Bxf3 Nxe5 19. Qh3 Nxf3+ 20. Rxf3 Nd7 21. g4 Rf7 22. Re1 e5 23. Nd5 Qg6 24. Bc1 Bd6 25. Ref1 Raf8 26. c4 b4 27. Rxf7 Rxf7 28. Rf3 Rxf3 29. Qxf3 Qf7 30. Kf2 Qxf3+ 31. Kxf3 Kf7 32. h3 h6 33. h4 Ke6 34. g5 h5 35. a3 a5 36. axb4 cxb4 37. Bd2 Nc5 38. Bxb4 axb4 39. Nxb4 Nxb3 40. Nc2 Nc1 41. Ke4 Ne2 42. Ne1 Nf4 43. Nf3 Ng6 0-1

[Event "AUS-ch Minor"]
[Site "Cammeray"]
[Date "2011.01.03"]
[Round "2"]
[White "Koh, Clarise"]
[Black "Setiabudi, Megan"]
[Result "0-1"]
[WhiteElo "1261"]
[BlackElo "1397"]
[PlyCount "78"]
[EventDate "2011.01.02"]
[EventType "swiss"]
[EventRounds "11"]
[EventCountry "AUS"]
[SourceTitle "EXT 2012"]
[Source "ChessBase"]
[SourceDate "2011.11.24"]
[SourceVersion "1"]
[SourceVersionDate "2011.11.24"]
[SourceQuality "1"]

1. e4 c5 2. Nf3 e6 3. d4 cxd4 4. Nxd4 a6 5. Nc3 Nc6 6. Be3 Qc7 7. f3 Nf6 8. Qd2 d6 9. 0-0-0 Bd7 10. Bc4 Be7 11. g4 Rc8 12. Bb3 Rb8 13. Ba4 Ne5 14. Bb3 b5 15. h4 Nc4 16. Bxc4 bxc4 17. Rdg1 Qb7 18. b3 cxb3 19. cxb3 Rc8 20. Kd1 Bc6 21. h5 d5 22. g5 Nd7 23. g6 Bf6 24. gxf7+ Kxf7 25. Bg5 dxe4 26. Bxf6 Nxf6 27. Qg5 Rhg8 28. Qe5 Qd7 29. fxe4 Rcd8 30. Nce2 Bxe4 31. Rh4 Qd5 32. Qc7+ Rd7 33. Qc3 e5 34. Qg3 exd4 35. Nf4 Qc5 36. Rh2 Qc3 37. Qf2 Qf3+ 38. Qxf3 Bxf3+ 39. Kd2 Rc8 0-1

[Event "Doeberl Cup Minor 48th"]
[Site "Canberra"]
[Date "2010.04.02"]
[Round "1"]
[White "Setiabudi, Megan"]
[Black "Radisich, Matt"]
[Result "1-0"]
[WhiteElo "1391"]
[BlackElo "1142"]
[PlyCount "83"]
[EventDate "2010.04.02"]
[EventType "swiss"]
[EventRounds "7"]
[EventCountry "AUS"]
[SourceTitle "EXT 2012"]
[Source "ChessBase"]
[SourceDate "2011.11.24"]
[SourceVersion "1"]
[SourceVersionDate "2011.11.24"]
[SourceQuality "1"]

1. e4 d6 2. d4 g6 3. Nc3 Bg7 4. f4 Nf6 5. Nf3 0-0 6. Bd3 Bg4 7. 0-0 c6 8. Qe1 Bxf3 9. Rxf3 Qb6 10. a3 Ng4 11. Ne2 Bxd4+ 12. Nxd4 Qxd4+ 13. Kh1 Nd7 14. Rb1 Qb6 15. b3 e5 16. Qh4 Ngf6 17. fxe5 Nh5 18. exd6 c5 19. Bb2 Qxd6 20. g4 Ng7 21. Bc4 Ne5 22. Qh6 Ne6 23. Rh3 Rfe8 24. Qxh7+ Kf8 25. Qh8+ Ke7 26. Qxe5 Qxe5 27. Bxe5 Ng5 28. Re3 Kf8 29. Bd6+ Kg8 30. Bd5 Rad8 31. Bxc5 b6 32. Bd4 Nxe4 33. Rxe4 Rxe4 34. Bxe4 Rxd4 35. Re1 Kg7 36. h3 Rd2 37. Bd3 a5 38. Re5 Rf2 39. g5 f6 40. Re6 f5 41. Rxb6 Rf3 42. Kg2 1-0

[Event "AUS-ch U18 Girls"]
[Site "Sandy Bay"]
[Date "2010.01.21"]
[Round "6"]
[White "Bortsova, Natasha"]
[Black "Setiabudi, Megan"]
[Result "0-1"]
[WhiteElo "1371"]
[BlackElo "1399"]
[PlyCount "104"]
[EventDate "2010.01.14"]
[EventType "swiss"]
[EventRounds "9"]
[EventCountry "AUS"]
[SourceTitle "EXT 2011"]
[Source "ChessBase"]
[SourceDate "2010.11.26"]
[SourceVersion "1"]
[SourceVersionDate "2010.11.26"]
[SourceQuality "1"]

1. e4 c5 2. c3 d5 3. exd5 Qxd5 4. d4 cxd4 5. cxd4 e6 6. Nc3 Qd8 7. Nf3 Nf6 8. Bd3 Be7 9. 0-0 Nbd7 10. Bf4 Nb6 11. Rc1 a6 12. Qb3 Nbd5 13. Be5 0-0 14. Ne4 b5 15. Nfg5 h6 16. Nxf6+ Bxf6 17. Bxf6 Nxf6 18. Nf3 Bb7 19. Be2 Qd5 20. Qxd5 Bxd5 21. a3 Rad8 22. Ne5 Rc8 23. Bf3 Bxf3 24. Nxf3 Nd5 25. Ne5 Ne7 26. Nd7 Rfd8 27. Rxc8 Rxc8 28. Nc5 Rc6 29. f4 Nf5 30. Rd1 Ne3 31. Rd3 Nc4 32. a4 bxa4 33. b3 axb3 34. Rxb3 Rd6 35. Rd3 a5 36. Kf2 Rd5 37. Kf3 Nd6 38. g4 Kf8 39. Ke3 Nc4+ 40. Ke4 Nd6+ 41. Ke3 Nc4+ 42. Ke4 Ke7 43. Rc3 Nd6+ 44. Ke3 Nb5 45. Rd3 Na7 46. Rb3 Nc6 47. Rd3 Nxd4 48. Rc3 Nb5 49. Rc1 Rd8 50. Rb1 Nd6 51. Ra1 Rc8 52. Rxa5 Nc4+ 0-1